S vysokou náročnosťou

Bibliographic Details
Main Author: Tonhauzer, Pavel (Author)
Format: Article
Language:Slovak
Subjects:

MARC

LEADER 00000nab a2200000 a 4500
001 vtls000310619
003 SK-MaSNL
005 20260302215632.0
008 111201c1978 xo 0 slo
015 |a SNBRB19rr/mm-uuuuu 
035 |a CL0000711 
040 |a SNKBUCL  |b slo  |c SNKBUCL  |e AACR2 
041 0 |a slo 
044 |a xo  |c SK 
080 |a 334.1/.6  |2 1981 
100 1 |a Tonhauzer, Pavel  |4 aut  |9 354442 
245 1 0 |a S vysokou náročnosťou  |c Pavel Tonhauzer 
650 0 7 |a spotrebné družstvá  |2 snkbucl  |9 2135 
655 7 |a články z novín a časopisov  |2 snkbucl  |9 267496 
773 0 |t Družstevné noviny  |g Roč. 33, č. 1 (3. 1. 1978), s. 1-2 
850 |a Slovenská národná knižnica v Martine  |a MTA001 
852 |a SNK  |b KIS3GCP 
958 |a RK 
992 |a RBX 
999 |c 1503313  |d 1505243